10 clubs qui ont gagnés le plus de Série A - Statistiques

Statistiques générales
  • Ce quiz a été pris 94 fois
  • Le résultat moyen est 7 sur 10
Statistiques - réponses
Hint Réponse % Correct
1 Juventus (36)
99%
2 Inter Milan (20)
97%
3 Ac Milan (19)
95%
8 Naples (3)
84%
9 As Roma (3)
77%
10 Lazio Roma (2)
72%
6 Bologne (7)
50%
4 Genoa (9)
48%
5 Torino (7)
45%
7 Pro Vercelli (7)
7%
Aucun quiz correspondant
Distribution des résultats
% des personnes avec chaque résultat
Percentile par nombre de réponses
Votre historique - résultats
Vous n’avez pas pris ce quiz